| 000 | 00756nam a2200253 i 4500 | ||
|---|---|---|---|
| 001 | 104967 | ||
| 003 | ES-MaACL | ||
| 005 | 20240501063044.0 | ||
| 007 | t| | ||
| 008 | 060601s1950 fr ||||1| fre d | ||
| 080 | _a821.133.1-992"19" | ||
| 080 | _a329.15 | ||
| 080 | _a914.7 | ||
| 100 | 1 |
_aGide, André, _d1869-1951 _956674 |
|
| 245 | 1 | 0 |
_aRetour de L'U.R.S.S. ; suivi de Retouches a mon retour de L'U.R.S.S. / _cAndré Gide. |
| 250 | _a20e. ed. | ||
| 260 |
_a[Paris] : _bGallimard, _c[1950] |
||
| 300 |
_a220 p. ; _c19 cm. |
||
| 500 | _aBiblioteca Jacinto Martínez Lacalle. | ||
| 650 | 1 | 4 |
_aComunismo- _zURSS. _911227 |
| 651 | 4 |
_aURSS- _xDescripción. _99467 |
|
| 852 |
_aES-MaACL _jE-11302 _bR.138960 |
||
| 999 |
_c104967 _d104967 |
||